| 000 | 00466pab a2200145 454500 | ||
|---|---|---|---|
| 008 | 180718b1987 xxu||||| |||| 00| 0 eng d | ||
| 100 | _aDonoghue, Linda R. Albet J. | ||
| 245 |
_aDetermining the economic relationship between lawenforcement activities and arson wildfires _bA feasibility study in Arkansas |
||
| 260 | _c1987 | ||
| 300 | _a377-93 | ||
| 362 | _aDec. | ||
| 650 | _aFire Prevention - Costs | ||
| 773 | _aJournal of Environment Management | ||
| 909 | _a8551 | ||
| 999 |
_c8551 _d8551 |
||